MARC

LEADER 00000nam0a2200000 4500
001 82855
005 20231101213245.0
010 |a 5855401073 
020 |a RU  |b 89-64373 
035 |a (RuTPU)RU\TPU\book\89048 
090 |a 82855 
100 |a 20051007d1989 km y0rusy5003 ca 
101 0 |a rus 
102 |a RU 
105 |a ach z 001zd 
200 1 |a Удивительная библиотека: рассказы о старых книгах и книжниках  |f А. Э. Лейфер  |g Худ. А. Старцев 
210 |a Омск  |c Омское книжное изд-во  |d 1989 
215 |a 176 с.  |c ил.  |d 18 см. 
320 |a Библиография в примечаниях: с.165-170 
600 1 |a Брем  |b А. Э.  |c Brehm  |c немецкий зоолог  |c просветитель  |f 1829-1884  |g Альфред Эдмунд  |2 stltpush  |3 (RuTPU)RU\TPU\pers\14658 
600 1 |a Кауфман  |b И. М.  |c российский библиограф  |c книговед  |f 1887-1971  |g Исаак Михайлович  |2 stltpush  |3 (RuTPU)RU\TPU\pers\14659  |9 4877 
600 1 |a Драверт  |b П. Л.  |c российский минералог  |c поэт  |f 1879-1945  |g Петр Людвикович  |2 stltpush  |3 (RuTPU)RU\TPU\pers\14660  |9 4878 
600 1 |a Вейнберг  |b Б. П.  |c российский ученый  |c физик, геофизик  |f 1871-1942  |g Борис Петрович  |c профессор ТТИ (1909-1924)  |y Томск  |x TPU  |2 stltpush  |3 (RuTPU)RU\TPU\pers\5705 
610 0 |a редкие книги 
610 1 |a история книги 
610 1 |a Россия 
610 1 |a Сибирь 
610 1 |a 19 век 
610 1 |a 20 век 
610 1 |a омское краеведение 
610 1 |a библиофилы 
610 1 |a библиофильство 
610 1 |a история библиофильства 
610 1 |a частные собрания 
610 1 |a частные библиотеки 
610 1 |a Великая Отечественная война 1941-1945 
610 1 |a Сибирская советская энциклопедия 
610 1 |a экслибрисы 
686 |a Ч610.61  |v LBC/SL-A  |2 rubbk 
700 1 |a Лейфер  |b А. Э.  |g Александр Эрахмиэлович  |4 070 
702 1 |a Старцев  |b А.  |4 040 
801 0 |a RU  |b RuMRKP  |c 19950417  |g psbo 
801 1 |a RU  |b 63413507  |c 20051007  |g PSBO 
801 2 |a RU  |b 63413507  |c 20180703  |g PSBO 
942 |c BK